Alles was schon immmer über Ihr Geld wissen wollten Sicher durch die Krise! Ihr Ultimativer Ratgeber Geld 1994
Saved in:
| Main Author: | |
|---|---|
| Format: | Book |
| Language: | German |
| Published: |
Wiesbaden
Gabler
1994
|
| Edition: | Vollst. überarb. Neuausg. |
| Series: | Gabler Public
|
| Subjects: | |
| Tags: |
No Tags, Be the first to tag this record!
|
MARC
| LEADER | 00000nam a2200000 4500 | ||
|---|---|---|---|
| 001 | c006199 | ||
| 005 | 20221214074059.8 | ||
| 041 | 0 | |a ger | |
| 044 | |a DE | ||
| 245 | 1 | 0 | |a Alles was schon immmer über Ihr Geld wissen wollten |b Sicher durch die Krise! Ihr Ultimativer Ratgeber Geld 1994 |c Klaus Gourgé |
| 250 | |a Vollst. überarb. Neuausg. | ||
| 264 | 1 | |a Wiesbaden |b Gabler |c 1994 | |
| 300 | |a 258 s. | ||
| 490 | 1 | |a Gabler Public | |
| 830 | 0 | |a Gabler Public | |
| 610 | 2 | 0 | |a peniaze |
| 610 | 2 | 0 | |a kríza |
| 610 | 2 | 0 | |a poradenstvo |
| 610 | 2 | 0 | |a akcie |
| 610 | 2 | 0 | |a burzy |
| 610 | 2 | 0 | |a nehnuteľnosti |
| 610 | 2 | 0 | |a úver |
| 610 | 2 | 0 | |a dôchodky |
| 610 | 2 | 0 | |a úrok |
| 610 | 2 | 0 | |a poistenie životné |
| 610 | 2 | 0 | |a vklady |
| 610 | 2 | 0 | |a sporenie obyvateľstva |
| 610 | 2 | 0 | |a opcie |
| 100 | 1 | |a Gourgé, Klaus | |